Quizzes
Events
Quiz Creation
Community
Videos
Private Events
Remove Ads
Sign In
Join for FREE
Feedback
Dark Mode
Quiz Categories
Sports
Geography
Music
Movies
Television
Just For Fun
Miscellaneous
History
Literature
Language
Science
Gaming
Entertainment
Religion
Holiday
For Kids
Quiz Lab
Recent
Popular Today
Quiz Kudos Today
Editor Picks
Curator Picks
Quizzes by...
Day
Popularity
Type
Ratings
Length
Year
Community
Subscriptions
Recent Discussions
Orange Saloon
Badges
Playlists
Quests
Create
Leaderboards
Showdown
Live 5
Trivia Bingo
Activity
Puzzle Library
Sporcle Events
Private Events
Virtual Trivia
Globe League
Become a Host
Pub Owners
SporcleCon
Opinionation
Our Games
Videos
Blog
Mobile Apps
Partnerships
Remove Ads and Go Orange
Feedback
Television
TV Characters
TV Show
Sitcom
Network
Friends
Reality Shows
Cast
South Park
Star Trek
The Simpsons
Doctor Who
Television
TV Characters
TV Show
Sitcom
Network
Friends
Reality Shows
Cast
South Park
Star Trek
The Simpsons
Doctor Who
Random Quiz
Search Sporcle
×
Quiz Lab
Quiz Lab
Television
Love
Type in answers that appear in a list
Type in answers that appear in a list
Classic
Best Score? Go Orange.
I Love Lucy Trivia Part 2 (Very Hard) Stats
Can you name the answers to these I Love Lucy questions?
By
gandalf
10m
24 Questions
345 Plays
345 Plays
345 Plays
Comments
Comments
Give Quiz Kudos
Give Quiz Kudos
-
- Ratings
hide this ad
Replay
Link that replays current quiz
Next Quiz
Link to next quiz in quiz playlist
You Got
0%
They Got
Avg Score
42%
Avg Friend Score
Upgrade to see
Score Distribution
Jump to the score distribution portion of the page
Score
0/24
Timer
10:00
0
Plays Today
Questions
% Correct
According to Ricky, what word is the same in English, Spanish and French?
No
70.7%
Dressed as a hillbilly, Lucy graced the cover of this popular magazine
Look
67.8%
What did Lucy order for lunch at the Brown Derby?
Spaghetti and meatballs
66.7%
What year were Lucy and Ricky married?
1940
62.3%
How much rice did Ricky cook for dinner in the episode 'Job Switching'?
4 pounds
61.4%
What was the so-
called specialty of the house at the motel dining room in Ohio?
Cheese Sandwich
59.7%
Where was Caroline Appleby heading when she stopped over in Hollywood?
Hawaii
55.1%
Name the Italian film Lucy was hired to be in
Bitter Grapes
51.6%
What lyrical line follows 'I am the good king Lancelot'?
I like to sing and dance a lot
46.7%
Ricky bought pearls for Lucy from this neighbor
Grace Foster
44.3%
On what movie set did Lucy and Desi meet?
Too Many Girls
40.9%
When Lucy played the Mertzes' maid, what name did she use?
Bessie
38.6%
Questions
% Correct
What movie star touched an orange that Lucy picked up at the Farmers Market?
Robert Taylor
38.3%
Name the Italian town where Lucy went to 'soak' up color
Turo
37.7%
What was Ethel's first job in the candy factory?
Boxing department
37.7%
What did William Holden have for lunch when he encountered Lucy?
Cobb salad
36.5%
What movie was John Wayne plugging when he guest starred?
Blood Alley
35.7%
How many trips to Staten Island did Lucy and Fred take aboard the ferry?
5
32.8%
How many half hour episodes of I Love Lucy were produced?
179
27.2%
What film was William Holden plugging whe he guest starred?
The Country Girl
26.1%
Who was the professional golfer the played with Lucy and Ethel?
Jimmy Demaret
23.5%
Who were the Yankees playing when Lucy encountered Bob Hope?
Cleveland Indians
23.5%
What song did Lucy perform with twin boys for an amateur contest?
Ragtime Cowboy Joe
21.4%
What was the snooper's helper?
Furnace pipe
17.7%
Quiz Playlist
Details
Report
Send in Message
Add To Playlist
Classic:
Type in answers that appear in a list
Last Updated: Feb 16, 2017
Quiz Scoreboard
CHALLENGE
Sign Up to Join the Scoreboard
Show All
Scores
Hide
Comments
May contain spoilers
Recently Published
College Basketball Coaching Resumes
by pancakes188
Sports
9m
Billboard Blitz: Fleetwood Mac
by CooCooCachoo
Music
15s
Presidents Visiting Landmarks
by Hejman
History
7m
More to Explore
Quiz From the Vault
Featured Blog Post
Where Did the Easter Bunny Come From?
hide this ad
You Might Also Like...
Tags
I Love
Love
Lucy
Today's Top Quizzes in Television
Browse Television
hide this ad
Today's Top Quizzes in Love
Browse Love
Top Contributed Quizzes in Television
1
5-to-1: The Simpsons Families
2
5-to-1: Television Doctors
3
7-to-1: TV Show Settings
4
5-to-1: Streaming Originals
5
One Piece Logic Puzzle
6
Survivor Seasons
7
Survivor Logic Puzzle: Heroes vs. Villains
8
All US Survivor Seasons in Order
9
TV Shows by First Names
10
Survivor Season by Logo
Explore More
Trending Topics
Harry Potter
Crossword
Disney
Marvel
Kpop
Anime
NBA
WWE
Soccer
Pokémon
NFL
The Office
Puzzle
Song
Country
hide this ad
More By:
gandalf
Quiz
Plays
Rating
Category
Featured
Created
Two Syllable Countries
89,007
4.07
Geography
Oct 17, 2009
Abbott and Costello Movies
4,027
3.30
Movies
Oct 18, 2009
AFI 100 Directors with Multiple Films
3,587
4.08
Movies
Nov 1, 2009
I Love Lucy Trivia
2,912
3.86
Television
Dec 20, 2009
50 Greatest Cartoon Characters
1,781
2.25
Entertainment
Apr 10, 2010
Go to Creator's Profile
Score Distribution
Quiz Creator Spotlight
gandalf
Follow
Send a Message
Quizzes Created
-
Created Quiz Play Count
-
More By This Creator
Popular Quizzes Today
1
Find the US States - No Outlines Minefield
2
Find the Countries of Europe - No Outlines Minefield
3
The Countries of the World
4
Find the US States
5
Risky Map Clicking: Biggest States A-Z
6
US States
7
Popular People in 1961
8
Movies - When Are They Set?
More Television Quizzes
The Office Character or CEO?
Curator's Pick
Trending Quizzes
Risky Map Clicking: Least Populous States A-Z
1-10 Letter G Words
1-10 Letter F Words
Risky Map Clicking: Next State Alphabetically
Risky Map Clicking: Biggest States A-Z
Recently Updated
Leaping Animals
pecheneg
Reality TV Shows (A-Z)
bhenderson79
Rickey Henderson's Hall of Fame Teammates
pecheneg
Champions League XIs: Arsenal
pecheneg
Quick Pick: Celebrities in WWE's Hall of Fame
aduchscher
A-Z Keypad Blitz II
pecheneg
Multiple Oscar Actors
pecheneg
Mystery Phrase Blitz: Oscar 'Best Actors'
pecheneg
F. Scott Fitzgerald Novels
LTH
Pick 3 Villains
ddd62291
Trending Topics
Anime
Crossword
NBA
Kpop
Marvel
Disney
Harry Potter
Pokémon
The Office
WWE
Country
NFL
Puzzle
Soccer
Song
Your Account Isn't Verified!
In order to create a playlist on Sporcle, you need to verify the email address you used during registration. Go to your
Sporcle Settings
to finish the process.
Report this User
Report this user for behavior that violates our
Community Guidelines
.
Details:
Send Report
Go to the Sporcle.com Mobile Site →
Comments